000
00321nam a22001337a 4500
082
_a
822
_b
SHA/S
100
_a
SHAKESPEARE,WILLIAM
245
_a
SELECTED STORIES OF WILLIAM SHAKESPEARE
250
_a
2003
260
_a
NEW DELHI
_b
SHRIJEE'S BOOOK INTERNATIONAL
300
_a
776
650
_a
PLAY
_z
NEW DELHI
942
_c
BK
999
_c
3573
_d
3573